Dominaciones y potestades (Record no. 138656)

MARC details
000 -LEADER
campo de control de longitud fija 00745nam a2200205 4500
001 - NÚMERO DE CONTROL
campo de control 138656
003 - IDENTIFICADOR DE NÚMERO DE CONTROL
campo de control ES-MaACL
005 - FECHA Y HORA DE LA ÚLTIMA TRANSACCIÓN
campo de control 20230906195616.0
007 - CAMPO FIJO DE DESCRIPCIÓN FÍSICA--INFORMACIÓN GENERAL
campo de control de longitud fija t|
008 - DATOS DE LONGITUD FIJA--INFORMACIÓN GENERAL
campo de control de longitud fija 070214s1953 sp r ||||1| spa d
100 1# - ENTRADA PRINCIPAL--NOMBRE DE PERSONA
Nombre de persona Santayana, George.
9 (RLIN) 103357
245 10 - MENCIÓN DEL TÍTULO
Título Dominaciones y potestades
Resto del título : reflexiones acerca de la libertad, la sociedad y el gobierno /
Mención de responsabilidad, etc. Jorge Santayana ; traducción del inglés por José Antonio Fontanilla ; con un autorretrato del autor.
260 ## - PUBLICACIÓN, DISTRIBUCIÓN, ETC.
Lugar de publicación, distribución, etc. Madrid :
Nombre del editor, distribuidor, etc. Aguilar,
Fecha de publicación, distribución, etc. 1953.
300 ## - DESCRIPCIÓN FÍSICA
Extensión XIX, 597 p. :
Otras características físicas il. = retr. aut. ;
Dimensiones 21 cm.
490 1# - MENCIÓN DE SERIE
Mención de serie Col. Literaria
700 1# - ENTRADA AGREGADA--NOMBRE PERSONAL
Nombre de persona Fontanilla, José Antonio.
9 (RLIN) 51619
830 0# - PUNTO DE ACCESO ADICIONAL DE SERIE-TÍTULO UNIFORME
Título uniforme Col. Literaria
9 (RLIN) 187024
852 ## - LOCALIZACIÓN
Ubicación ES-MaACL
Número de control de estantería D-9277
Sublocalización o colección R.34677
Holdings
Estatus retirado Estado de pérdida Estado de daño No para préstamo Biblioteca de origen Biblioteca actual Ubicación en estantería Fecha de adquisición Fuente de adquisición Total de préstamos Signatura topográfica completa Código de barras Visto por última vez Precio de reemplazo Tipo de ítem Koha
        Biblioteca del Ateneo de Madrid Biblioteca del Ateneo de Madrid Sala Valle Inclán 17/01/2008     D-9277 901144284 23/02/2023 23/02/2023 Libro impreso